Broadband Microstrip Antennas (Record no. 365727)
[ view plain ]
| 000 -LEADER | |
|---|---|
| fixed length control field | 00207 a2200085 4500 |
| 020 ## - INTERNATIONAL STANDARD BOOK NUMBER | |
| International Standard Book Number | 9781580532440 |
| 100 ## - MAIN ENTRY--PERSONAL NAME | |
| Personal name | Girish Kumar |
| 9 (RLIN) | 211715 |
| 245 ## - TITLE STATEMENT | |
| Title | Broadband Microstrip Antennas |
| 260 ## - PUBLICATION, DISTRIBUTION, ETC. (IMPRINT) | |
| Name of publisher, distributor, etc. | Artech House |
| Date of publication, distribution, etc. | 2003 |
| Withdrawn status | Lost status | Source of classification or shelving scheme | Damaged status | Not for loan | Collection code | Home library | Current library | Date acquired | Vendor | Cost, normal purchase price | Bill number | Total Checkouts | Full call number | Barcode | Checked out | Date last seen | Date last checked out | Discount | Cost, replacement price | Bill Date | Koha item type | Original Barcode |
|---|---|---|---|---|---|---|---|---|---|---|---|---|---|---|---|---|---|---|---|---|---|---|
| Dewey Decimal Classification | Electronic & Telecommunication Engineering | Cummins College of Engineering for Women Nagpur | Cummins College of Engineering for Women Nagpur | 25/03/2025 | 190 | 10767.59 | 24-25/1708 | 2 | 621.38 | CEWN-BK-10444 | 25/06/2025 | 24/05/2025 | 24/05/2025 | 17 | 12973.00 | 25/03/2025 | Books | 10444 |